|
|
|
|
| LEADER |
00000nam0a2200000 4500 |
| 001 |
17808 |
| 005 |
20231030191041.0 |
| 010 |
|
|
|a 5211026764
|
| 035 |
|
|
|a (RuTPU)RU\TPU\book\17956
|
| 035 |
|
|
|a BOOK00002644
|
| 090 |
|
|
|a 17808
|
| 100 |
|
|
|a 20011209d1994 m y0rusy50 ca
|
| 101 |
0 |
|
|a rus
|
| 102 |
|
|
|a RU
|
| 105 |
|
|
|a y j 000zy
|
| 200 |
1 |
|
|a История экономических учений
|h Ч. 2
|i Межвоенный период
|e учебник для вузов
|f под ред. А. Г. Худокормова
|
| 210 |
|
|
|a Москва
|c Изд-во МГУ
|d 1994
|
| 215 |
|
|
|a 416 с.
|
| 610 |
1 |
|
|a экономика
|
| 610 |
1 |
|
|a экономические учения
|
| 610 |
1 |
|
|a экономическая мысль
|
| 610 |
1 |
|
|a экономические теории Запада
|
| 610 |
1 |
|
|a Россия
|
| 610 |
1 |
|
|a учебные пособия
|
| 686 |
|
|
|a У02(0)
|v LBC/SL-A
|2 rubbk
|
| 702 |
|
1 |
|a Худокормов
|b А. Г.
|4 340
|
| 801 |
|
0 |
|a RU
|b 63413507
|c 20011209
|g PSBO
|
| 801 |
|
2 |
|a RU
|b 63413507
|c 20110614
|g PSBO
|
| 942 |
|
|
|c BK
|